Statistics for Destiny 2 quiz

Click here to take the quiz!

General Stats

  • This quiz has been taken 23 times
  • The average score is 13 of 16

Answer Stats

HintAnswer% Correct
venus raidvault of glass
100%
europa raiddeep stone crypt
95%
1st character classhunter
95%
dreaming city raidlast wish
95%
2nd character classtitan
95%
3rd character classwarlock
95%
pvp/pve activitygambit
89%
moon raidgarden of salvation
89%
pvp activitycrucible
84%
witch queen raidvow of the disciple
84%
2 raid weapondivinity
74%
4 raid weaponone thousand voices
74%
pve activityvanguard
74%
1 raid weaponvex mythoclast
74%
3 raid weaponeyes of tomorrow
63%
5 raid weaponcollective oblivion
5%

Score Distribution

Percentile by Number Answered

Percent of People with Each Score

Your Score History

You have not taken this quiz